| 000 | 00358pab a2200145 454500 | ||
|---|---|---|---|
| 008 | 180718b1985 xxu||||| |||| 00| 0 eng d | ||
| 100 | _aBovbjerg, Radall R. | ||
| 245 | _aWhat is policy analysis? | ||
| 260 | _c1985 | ||
| 300 | _a154-8 | ||
| 362 | _aFall | ||
| 650 | _aPublic Policy | ||
| 773 | _aJournal Of Policy Analysis and Management | ||
| 909 | _a16665 | ||
| 999 |
_c16665 _d16665 |
||